Mesa económico, científico, técnico

Salvato in:
Dettagli Bibliografici
Ente Autore: Instituto de Cooperación Iberoamericana
Natura: testo
Pubblicazione: Madrid: Huertas
Tags: Aggiungi Tag
Nessun Tag, puoi essere il primo ad aggiungerne!!

MARC

LEADER 00000 a a2200000 04500
001 25440
003
040
090 |a 152516  
110 |a Instituto de Cooperación Iberoamericana  
245 |a Mesa económico, científico, técnico  
260 |a Madrid:   |b Huertas  
300 |a p. irreg.   |b il.  
999 |c 15726  |d 15726